STN EN 14564: 2013 (69 8500), Cisterny na prepravu nebezpečného tovaru. Terminológia

Táto norma je slovenskou verziou európskej normy EN 14564: 2013. Preklad zabezpečil Slovenský ústav technickej normalizácie. Má rovnaké postavenie ako majú oficiálne verzie

Bibliographic Details
Corporate Author: EMITA (Piešťany, Slovensko) (Translator)
Other Authors: Rypák, Rudolf (Translator)
Format: Book
Language:Slovak
English
PhysicalDescription:40 s. obr., tab. 30 cm
Published: Bratislava Slovenský ústav technickej normalizácie 2013
Subjects:

MARC

LEADER 00000cam a2200000 a 4500
001 vtls010525732
003 SK-MaSNL
005 20260301090048.0
008 160430s2013 xo a f u 000 0 slo
015 |a SNBN2013 
020 |c (cen. skup. 6) 
040 |a SNK  |b slo  |c SNK  |e AACR2 
041 1 |a slo  |h eng 
044 |a xo  |c SK 
046 |a s  |m 201307 (účin.) 
072 7 |a 621  |x Strojárstvo  |2 konspekt 
080 |a 621.642  |2 2001 
080 |a 006.7/.8  |2 2001 
080 |a (437.6)  |2 2001 
080 |a (4)  |2 2001 
084 |a 01.040.13  |2 ICS 
084 |a 01.040.23  |2 ICS 
084 |a 13.300  |2 ICS 
084 |a 23.020.20  |2 ICS 
130 0 |a STN 69 8500 (STN EN 14564)  |9 417204 
245 1 0 |a STN EN 14564: 2013 (69 8500), Cisterny na prepravu nebezpečného tovaru. Terminológia 
246 1 0 |a Cisterny na prepravu nebezpečného tovaru 
246 3 0 |a EN 14564: 2013 E 
260 |a Bratislava  |b Slovenský ústav technickej normalizácie  |c 2013 
300 |a 40 s.  |b obr., tab.  |c 30 cm 
500 |a Súbežný názov v angličtine, francúzštine, nemčine 
500 |a Spracovateľ: EMITA Piešťany, Rudolf Rypák 
500 |a Táto norma nahrádza STN EN 14564 z mája 2005 v celom rozsahu 
504 |a Citované normy, súvisiace právne predpisy s. 2 ; literatúra s. 36 
520 8 |a Táto norma je slovenskou verziou európskej normy EN 14564: 2013. Preklad zabezpečil Slovenský ústav technickej normalizácie. Má rovnaké postavenie ako majú oficiálne verzie 
540 |a STN vydané na akomkoľvek nosiči sa môžu rozmnožovať a rozširovať iba so súhlasom určenej právnickej osoby  |b SÚTN Bratislava  |c zákon 264/1999 Z. z. 
650 0 7 |a Nádoby na uskladňovanie tekutín  |2 SNKPH  |9 320462 
650 0 7 |a technické normy a štandardy  |z Slovensko  |2 SNKPH  |9 79594 
650 0 7 |a technické normy a štandardy  |z krajiny Európskej únie  |2 SNKPH  |9 289341 
655 7 |a normy  |2 SNKPH  |9 70643 
700 1 |a Rypák, Rudolf  |4 trl  |9 303044 
710 2 |a EMITA (Piešťany, Slovensko)  |4 trl  |9 166433 
710 2 |a Slovenský ústav technickej normalizácie (Bratislava, Slovensko)  |b Technická komisia č. 68 Kotly a tlakové nádoby  |4 stn  |9 320439 
852 |a Štátna vedecká knižnica v Banskej Bystrici 
958 |a OP 
958 |a NB 
999 |c 667293  |d 669223 
952 |a SNK  |b SNK  |y PREZ  |7 0  |p 17A1081697  |o snkSTN EN 14564  |i snk2013/19256  |8 0  |0 0  |1 0  |4 0  |d 2013-08-19  |l 0  |r 2026-02-23 19:14:44  |w 2026-02-23 
952 |a SNK  |b SNK  |y PREZ  |7 0  |p 17A1081696  |o snkSTN EN 14564 D1  |i snk2013/19257  |8 0  |0 0  |1 0  |4 0  |d 2013-08-19  |l 0  |r 2026-02-23 19:14:44  |w 2026-02-23